NCLEX 311 : (Record no. 355925)
[ view plain ]
| 000 -LEADER | |
|---|---|
| fixed length control field | 00347nam a2200121Ia 4500 |
| 008 - FIXED-LENGTH DATA ELEMENTS--GENERAL INFORMATION | |
| fixed length control field | 180219s9999 xx 000 0 und d |
| 020 ## - INTERNATIONAL STANDARD BOOK NUMBER | |
| International Standard Book Number | 9789719392606 |
| 100 ## - MAIN ENTRY--PERSONAL NAME | |
| Personal name | Gapuz, Ray A. |
| 245 ## - TITLE STATEMENT | |
| Title | NCLEX 311 : |
| Remainder of title | the 24 - hour guide for passing the NCLEX-RN / |
| 250 ## - EDITION STATEMENT | |
| Edition statement | 1st |
| 260 ## - PUBLICATION, DISTRIBUTION, ETC. (IMPRINT) | |
| Place of publication, distribution, etc | Manila : |
| Name of publisher, distributor, etc | Testmasters Publishing |
| Date of publication, distribution, etc | 2007 |
| 300 ## - PHYSICAL DESCRIPTION | |
| Extent | 311 pages |
| Withdrawn status | Lost status | Damaged status | Home library | Current library | Shelving location | Date acquired | Source of acquisition | Total Checkouts | Full call number | Barcode | Date last seen | Price effective from | Koha item type |
|---|---|---|---|---|---|---|---|---|---|---|---|---|---|
| College Library | College Library | Filipiniana Section | 02/19/2018 | RT 55 .G211 2007 | c21198 | 05/08/2018 | 02/19/2018 | Books |